000 01161nam a22002777a 4500
005 20100929151932.0
008 100928t xxu||||| |||| 00| 0 hin d
010 _aHIN-90686
020 _c200.00
_a8188693340
035 _aHN-63032
037 _bDBAD / PUB
040 _aDPL
_bHN
082 _a
100 _922145
_aभारद्वाज, मधु
245 _aआग पकड़ती औरत /
_cमधु भारद्वाज
246 _aAag Pakadti Aurat
_bby Madhu Bhardwaj
260 _aदिल्ली
_bमित्तल एण्ड सन्स
_c2009
270 _a80, विजय ब्लॉक, लक्ष्मी नगर
_bदिल्ली
_e110092
_k011-22756734
300 _a151पृ.
_c22सेमी (सजिल्द)
650 _91169
_aलधु कहानियाँ, हिन्दी
650 _aShort Stories, Hindi
_922409
700 _922273
700 _922352
942 _2ddc
_cHN
_h
_mभारद्वा
999 _c48002
_d48002